000 00387nam a22001697a 4500
005 20180813111212.0
008 160618b xxu||||| |||| 00| 0 eng d
020 _a978-0-07-0620-223
041 _aeng
082 _b8070
_a658.83
100 _aBeri G.R.
_92175
245 _aMarketing Research
260 _bTMH
_adelhi
300 _a550p,
650 _aManagement
_9241
942 _cBK
999 _c3036
_d3035